000
00269nam a2200109Ia 4500
001
588800
005
20250717120838.0
008
250717s9999 xx 000 0 und d
245
0
_a
V-13 ULUÇ REİS
_c
İSMAİL BİLGİN
260
_b
TİMAŞ YAYINLARI
_c
2018
300
_b
96
999
_c
588800
_d
588800